Bezkefový motor s elektronickou komutáciou

Enregistré dans:
Détails bibliographiques
Auteur principal: Chudiváni, Ján, 1984- (Auteur)
Autres auteurs: Klug, Ľudovít, 1935- (Directeur de thèse)
Format: Manuscrit Livre
Langue:slovaque
Publié: Bratislava : STU v Bratislave, FEI, 2009
Sujets:
Tags: Ajouter un tag
Pas de tags, Soyez le premier à ajouter un tag!

MARC

LEADER 00000ntm a22000003a 4500
001 stu186293
005 20200925101305.0
008 090630s2007------------------------slo-d
040 |a STU  |b slo 
041 0 |a slo 
100 1 |a Chudiváni, Ján,  |d 1984-  |4 aut  |u E020  |U FEI Fakulta elektrotechniky a informatiky  |T FEI Ústav elektroenergetiky a aplikovanej elektrotechniky  |X 10428  |U E020  |Y 548  |7 A000010428 
245 1 |a Bezkefový motor s elektronickou komutáciou 
260 |a Bratislava :  |b STU v Bratislave, FEI,  |c 2009 
300 |a 49 s 
650 7 |a Elektroenergetika  |2 stusub 
650 7 |a bezkefové motory  |2 stusub 
650 7 |a elektronická komutácia  |2 stusub 
700 1 |a Klug, Ľudovít,  |d 1935-  |4 ths  |u E120  |U FEI Fakulta elektrotechniky a informatiky  |T FEI Katedra elektrických strojov a prístrojov  |X 3568  |U E120  |Y 58  |7 A000003568